DC Superheroes and Villains Alter Egos - Statistics

General Stats
  • This quiz has been taken 506 times
  • The average score is 18 of 36
Answer Stats
Hint Answer % Correct
Bruce Wayne Batman
99%
Kal-El Superman
92%
Wally West The Flash
87%
Barry Allen The Flash
87%
Diana Prince Wonder Woman
83%
Tim Drake Robin
81%
Damian Wayne Robin
81%
Hal Jordan Green Lantern
77%
Kyle Rayner Green Lantern
77%
Guy Gardner Green Lantern
77%
Oliver Queen Green Arrow
72%
Dick Grayson Nightwing
68%
Arthur Curry Aquaman
66%
Stephanie Brown Batgirl
65%
Selina Kyle Catwoman
65%
J'onn J'onzz Martian Manhunter
52%
Victor Stone Cyborg
51%
Jason Todd Red Hood
51%
Slade Wilson Deathstroke
49%
Bart Allen Impulse
44%
Dinah Lance Black Canary
42%
Billy Batson Captain Marvel
38%
Barbara Gordon Oracle
38%
Zatanna Zatara Zatanna
36%
Garfield Logan Beast Boy
33%
Koriand'r Starfire
32%
Ted Kord Blue Beetle
29%
Jaime Rayes Blue Beetle
29%
Carter Hall Hawkman
29%
Rachel Roth Raven
28%
Helena Bertenelli Huntress
24%
Kaldur'ahm Aqualad
22%
Shayera Hol Hawkgirl
20%
Buddy Baker Animal Man
8%
Garth Tempest
8%
Vic Sage The Question
7%
No matching quizzes found
Score Distribution
Percent of People with Each Score
Percentile by Number Answered
Your Score History
You have not taken this quiz